LDR 00596naa#a2200181#i#450# 001 EN\\bibl\121378 005 20260429113509.3 011 ## _a1994-4683 100 ## _a20230531b2023####ek#y0engy0150####ca 102 ## _aRU 200 1# _aINFLUENCE OF SAMBO CLASSES ON THE ADAPTIVE POTENTIAL OF SCHOOLCHILDREN AGED 11-13 _eJournal article 210 1# _aMoscow _cNational State University of Physical Education, Sports and Health named after P.F. Lesgaft _d2023 215 ## _a3 с. 608 ## _aJournal article _2local 675 ## _aДзюдо. 796.853.23 _z 700 #1 _a _g 700 #1 _a _g 856 4# _auchzapiski.lesgaft.spb.ru _u